<?xml version="1.0" encoding="UTF-8"?><OAI-PMH xmlns="http://www.openarchives.org/OAI/2.0/" xmlns:xsi="http://www.w3.org/2001/XMLSchema-instance"     xsi:schemaLocation="http://www.openarchives.org/OAI/2.0/ http://www.openarchives.org/OAI/2.0/OAI-PMH.xsd"><responseDate>2026-05-16T16:58:39Z</responseDate><request verb="GetRecord" identifier="oai:regmurcia.com:fintegr.728" metadataPrefix="marc21">http://oai.regmurcia.com/oai2/oai2.php</request><GetRecord><record><header><identifier>oai:regmurcia.com:fintegr.728</identifier><datestamp>2026-05-16</datestamp><setSpec>documentos</setSpec></header><metadata><record  xmlns="http://www.loc.gov/MARC21/slim" xmlns:xsi="http://www.w3.org/2001/XMLSchema-instance" xsi:schemaLocation="http://www.loc.gov/MARC21/slim http://www.loc.gov/standards/marcxml/schema/MARC21slim.xsd" type="Bibliographic"><leader>00000nam a2200000   4500</leader><controlfield tag="001" >005074632</controlfield><controlfield tag="003" >728</controlfield><controlfield tag="004" >A00000000</controlfield><datafield tag="245" ind1=" " ind2=" "><subfield code="a">Testimonio de presentación ante el concejo de Murcia de una provisión de Juan II (1425-3-20. Valladolid), prohibiendo entablar relaciones con los caballeros castellanos refugiados en el reino de Aragón.</subfield></datafield><datafield tag="300" ind1=" " ind2=" "><subfield code="c">225 x 152 mm.</subfield></datafield><datafield tag="300" ind1=" " ind2=" "><subfield code="a">8 fol.</subfield></datafield><datafield tag="351" ind1=" " ind2=" "><subfield code="a">Unidad Documental</subfield><subfield code="c">Archivo de Murcia. Array</subfield><subfield code="a">Unidad Documental</subfield><subfield code="c">Archivo de Murcia. Array</subfield></datafield><datafield tag="351" ind1=" " ind2=" "><subfield code="b">Nº 5</subfield></datafield><datafield tag="506" ind1=" " ind2=" "><subfield code="a">Acceso restringido</subfield></datafield><datafield tag="510" ind1=" " ind2=" "><subfield code="a">Pub. (en parte) ABELLÁN PÉREZ, JUAN. Documentos de Juan II. Murcia: Academia Alfonso X el Sabio, 1984, pp. 254-256</subfield></datafield><datafield tag="520" ind1=" " ind2=" "><subfield code="a">El documento incluye: &lt;/br&gt;- Presentación ante el concejo de Murcia de una carta del rey por Auquín Destrós, ballestero de Murcia. (1425-4-21. Murcia). Fol. 1r-v.&lt;/br&gt;- Provisión de Juan II prohibiendo que sus súbditos se pongan al servicio o entablen relaciones con los caballeros castellanos que se encuentran refugiados en el reino de Aragón (1425-3-20. Valladolid). Fol. 2r-6r.&lt;/br&gt;- El concejo acata las órdenes del rey y asegura que se cumplirá todo lo que éste mande (1425-4-21. Murcia). Fol. 6v-8r.&lt;/br&gt;- El concejo ordena pregonar públicamente las órdenes del rey para que todo el mundo las cumpla. (1425-4-22. Murcia). Fol. 8r-v</subfield></datafield><datafield tag="583" ind1=" " ind2=" "><subfield code="u">http://www.regmurcia.com/servlet/s.Sl?METHOD=VERDOCUMENTO&amp;sit=serv,Carmesi&amp;n=/01/1187/indice.djvu</subfield></datafield><datafield tag="592" ind1=" " ind2=" "><subfield code="a">1425-04-21</subfield></datafield><datafield tag="592" ind1=" " ind2=" "><subfield code="d">1425-04-21 00:00:00</subfield></datafield><datafield tag="651" ind1=" " ind2=" "><subfield code="a">Murcia</subfield></datafield><datafield tag="786" ind1=" " ind2=" "><subfield code="o">http://www.regmurcia.com/servlet/s.Sl?METHOD=VERDOCUMENTO&amp;sit=serv,Carmesi&amp;n=/01/1187/indice.djvu</subfield></datafield><datafield tag="856" ind1=" " ind2=" "><subfield code="u">http://www.regmurcia.com/servlet/s.Sl?METHOD=DETALLE&amp;sit=c,373,m,139,serv,Carmesi&amp;id=728</subfield></datafield></record></metadata></record></GetRecord></OAI-PMH>
